| 000 | | | 05219cac2a2200000 x 450 |
| 001 | | | 0b97c4a1-ab1c-4cc7-9f70-639883936208 |
| 005 | | | 20160523122948.0 |
| 100 | ## | $a | 20160216l19051905k l0rusy0189 ca |
| 101 | 0# | $a | rus |
| 102 | ## | $a | RU |
| 200 | 1# | $a | Киевское Свято-Владимирское братство ревнителей православия в 1903 году (39-й от основания Братства) |
| 251 | ## | $c | Дело |
| 801 | #0 | $a | RU |
| | $b | РГИА |
| | $c | 20160216 |
| | $g | RCR |
| 801 | #1 | $a | RU |
| | $b | ГлавНИВЦ |
| | $c | 20160216 |
| | $2 | rusmarc |
| 801 | #2 | $a | RU |
| | $b | ПБ им. Б.Н. Ельцина |
| | $c | 20160331 |
| | $g | RCR |
| | $2 | rusmarc |
| 850 | ## | $a | РГИА |
| 852 | ## | $a | РГИА |
| | $e | Федеральное казенное учреждение "Российский государственный исторический архив" (РГИА) |
| | $j | 5205 |
| 937 | ## | $h | РГИА |
| | $d | 12201150 |
| | $a | ASBIBLIO_SCAN |
| 215 | ## | $a | 23 с. |
| | $d | 22х15 см |
| 210 | 1# | $a | Киев |
| | $c | Типография Императорского университета святого Владимира |
| | $c | Акционерное общество Н. Т. Корчак-Новицкого |
| | $d | 1905 |
| 105 | ## | $a | y### |
| 122 | 2# | $a | d |
| 461 | #0 | $1 | 0012640edd5-2044-417d-b282-4ec02c959e00 |
| | $1 | 2001 |
| | $a | Дублетный фонд НСБ |
| | $1 | 251 |
| | $c | Фонд |
| | $1 | 852 |
| | $j | 0 |
| 462 | #0 | $1 | 00101f3c915-c163-4bd9-8823-fd1c871481a4 |
| | $1 | 2001 |
| | $a | Дублетный фонд Библиотеки |
| | $v | Д. 5205 |
| | $1 | 251 |
| | $c | Опись |
| | $1 | 852 |
| | $j | 1 |
| | $l | Д |
| 035 | ## | $a | 0b97c4a1-ab1c-4cc7-9f70-639883936208 |
| 601 | 02 | $a | Киевское Свято-Владимирское епархиальное братство |
| | $j | Отчеты |
| | $2 | prlib_sh |
| | $3 | LIBNET\UAF\0000062721 |
| 605 | ## | $2 | acquisition_Prlib |
| | $3 | DITM\AF\0000003834 |
| | $a | Народ |
| | $l | коллекция |
| 605 | ## | $2 | acquisition_Prlib |
| | $3 | DITM\AF\0000004675 |
| | $a | Территория |
| | $l | коллекция |
| 605 | ## | $2 | acquisition_prlib |
| | $3 | LIBNET\UAF\0000061920 |
| | $a | Синод в истории российской государственности |
| | $l | коллекция |
| 617 | ## | $2 | prlib_sh |
| | $a | Украина |
| 617 | ## | $2 | prlib_sh |
| | $c | Киевская губерния |
| 686 | ## | $2 | rubbk |
| | $a | 86.372.24-35л |
| | $v | LBC/M |
| 710 | 02 | $3 | RU\NLR\AUTH\889963953 |
| | $a | Киевское Свято-Владимирское епархиальное братство |
| 856 | 4# | $u | http://www.prlib.ru/Lib/pages/item.aspx?itemid=138292 |